Sevilla / (Record no. 192241)

MARC details
000 -LEADER
campo de control de longitud fija 01191nam a2200301 i 4500
001 - NÚMERO DE CONTROL
campo de control 192241
003 - IDENTIFICADOR DE NÚMERO DE CONTROL
campo de control SpMaBN
005 - FECHA Y HORA DE LA ÚLTIMA TRANSACCIÓN
campo de control 20260311134835.0
008 - DATOS DE LONGITUD FIJA--INFORMACIÓN GENERAL
campo de control de longitud fija 221128q19101930sp a | |||| 000 0 spa
040 ## - FUENTE DE CATALOGACIÓN
Centro catalogador/agencia de origen SpMaBN
Lengua de catalogación spa
Centro/agencia transcriptor SpMaBN
Normas de descripción rdc
080 ## - NÚMERO DE LA CLASIFICACIÓN DECIMAL UNIVERSAL
Número de la Clasificación Decimal Universal 7(460.353 S.)
100 1# - ENTRADA PRINCIPAL--NOMBRE DE PERSONA
Nombre de persona Gestoso y Pérez, José,
Fechas asociadas al nombre 1852-1917
9 (RLIN) 56532
245 10 - MENCIÓN DEL TÍTULO
Título Sevilla /
Mención de responsabilidad, etc. cuarenta y ocho ilustraciones, con texto de José Gestoso.
260 ## - PUBLICACIÓN, DISTRIBUCIÓN, ETC.
Lugar de publicación, distribución, etc. Barcelona :
Nombre del editor, distribuidor, etc. Hijos de J. Thomas,
Fecha de publicación, distribución, etc. [entre 1910 y 1930]
300 ## - DESCRIPCIÓN FÍSICA
Extensión 28 p., 48 p. de lám. ;
Dimensiones 15 cm.
490 1# - MENCIÓN DE SERIE
Mención de serie El arte en España / bajo el patronato de la Comisaría Regia del Turismo y Cultura Artística ;
Designación de volumen o secuencia 7
530 ## - NOTA DISPONIBLE DE FORMULARIO FÍSICO ADICIONAL
Nota de formato físico adicional disponible Disponible en formato digital.
546 ## - NOTA DE IDIOMA
Nota de lengua/lenguaje Texto en español, francés e inglés.
650 #4 - PUNTO DE ACCESO ADICIONAL DE MATERIA--TÉRMINO DE MATERIA
Término de materia o nombre geográfico como elemento de entrada Arte-
Subdivisión geográfica Sevilla.
9 (RLIN) 137553
651 #4 - PUNTO DE ACCESO ADICIONAL DE MATERIA--NOMBRE GEOGRÁFICO
Nombre geográfico Sevilla-
Subdivisión general Edificios, estructuras, etc.
9 (RLIN) 175885
710 1# - ENTRADA AGREGADA--NOMBRE DE ENTIDAD CORPORATIVA
Nombre de entidad corporativa o nombre de jurisdicción como elemento de entrada España.
Unidad subordinada Comisaría Regia del Turismo.
9 (RLIN) 175864
830 13 - PUNTO DE ACCESO ADICIONAL DE SERIE-TÍTULO UNIFORME
Título uniforme El arte en España
Designación de volumen o secuencia 7
9 (RLIN) 193591
852 4# - LOCALIZACIÓN
Ubicación ES-MaACL
Número de control de estantería C-32214(3)
Ubicación en estantería Depósito 2
856 4# - LOCALIZACIÓN Y ACCESO ELECTRÓNICOS
Identificador Uniforme de Recursos <a href="http://bdh-rd.bne.es/viewer.vm?id=0000121381&page=1 ">http://bdh-rd.bne.es/viewer.vm?id=0000121381&page=1 </a>
Texto de enlace Biblioteca Digital Hispánica
942 ## - ELEMENTOS DE ENTRADA SECUNDARIOS (KOHA)
Fuente del sistema de clasificación o colocación Clasificación decimal universal
Holdings
Estatus retirado Estado de pérdida Estado de daño No para préstamo Colección Biblioteca de origen Biblioteca actual Ubicación en estantería Fecha de adquisición Total de préstamos Signatura topográfica completa Código de barras Visto por última vez Precio de reemplazo Tipo de ítem Koha
        Colección digital Biblioteca del Ateneo de Madrid Biblioteca del Ateneo de Madrid Depósito 2 28/11/2022   C-32214(3) 1204790 23/02/2023 23/02/2023 Libro impreso